Riconosci il Pokémon - Quiz n°764 - Statistics

Statistiche generali
  • Questo quiz è stato fatto 1 volte
  • Il punteggio medio è 10 su 10
Statistiche sulle risposte
Indizio Riposta % Corretto
Altezza 1,6 m
100%
Peso 36,6 kg
100%
Tasso di cattura 45 (11.9%)
100%
Sesso 87.5% ♂, 12.5% ♀
100%
Pokémon Decidueye
100%
Abilità Distacco; Erbaiuto (Normale; Hisui); Nervisaldi (Hisui)
100%
Tipo Erba / Spettro; Erba / Lotta (Hisui)
100%
Tasso di allevamento Sconosciuto
100%
Stadio evoluzione Seconda evoluzione
100%
Generazione Settima
100%
Nessun quiz corrispondente trovato
Distribuzione punteggi
Percentuale di utenti per punteggio
Percentile per numero di risposta
I tuoi punteggi nel tempo
Non hai fatto questo quiz